Fundamentals of aquaculture engineering
Đã lưu trong:
| Formáid: | Leabhar |
|---|---|
| Teanga: | Undetermined |
| Foilsithe: |
New York
Chapman & Hall
1995
|
| Ábhair: | |
| Clibeanna: |
Cuir Clib Leis
Gan Chlibeanna, Bí ar an gcéad duine leis an taifead seo a chlibeáil!
|
| Thư viện lưu trữ: | Trung tâm Học liệu Trường Đại học Cần Thơ |
|---|
| LEADER | 00520nam a2200157Ia 4500 | ||
|---|---|---|---|
| 001 | CTU_150711 | ||
| 008 | 210402s9999 xx 000 0 und d | ||
| 082 | |a 639.8028 | ||
| 082 | |b F981 | ||
| 245 | 0 | |a Fundamentals of aquaculture engineering | |
| 260 | |a New York | ||
| 260 | |b Chapman & Hall | ||
| 260 | |c 1995 | ||
| 650 | |a Aquaculture,Aquaculture Engineering Society,Nuôi trồng thủy sản,Hội kỹ thuật thủy sản | ||
| 904 | |i Trọng Hải | ||
| 980 | |a Trung tâm Học liệu Trường Đại học Cần Thơ | ||